000
00260nam a2200121Ia 4500
082
_a
612.015
_b
T10D
100
_a
DEVASENA, T
245
_a
TECHNIQES IN BIOCHEMISTRY
260
_b
AHYA PUB. HOUSE
300
_a
192
650
_a
BIOCGHEMISTRY
942
_2
ddc
_c
BK
999
_c
7086
_d
7086